000 00507cam a2200205ua 4500
001 8982
005 20260515114418.0
008 150219n ii |||gr||||Z||||||asm
020 _a9788172131012
040 _cMAIN
041 _aasm
082 _a891.451
100 _aChoudhury, A.,
_eEditor.
245 1 _aMitha juir malita
_cEdited by A. Choudhury
250 _a1st.
260 _aGuwahati:
_bPurbanchal,
_c2009.
300 _a158p.
653 _aEast Indo-European & Celtic literatures
942 _cBK
999 _c8068
_d8068